| 000 | 00678nam a22001937a 4500 | ||
|---|---|---|---|
| 999 |
_c182528 _d182528 |
||
| 005 | 20220216115616.0 | ||
| 010 | _aENG-130112 | ||
| 020 |
_a978-93-528-0820-5 _c395.00 |
||
| 035 | _aEN-113644 | ||
| 037 | _bDBAD/PUB | ||
| 082 | _a381.142 | ||
| 100 | _aTitus, Ray | ||
| 245 |
_aRound the Clock: _bHow a 24x7 Digital Marketplace Is Transforming Business/ _cRay Titus |
||
| 250 | _a2019 | ||
| 260 |
_aNew Delhi _bSage Publications India Pvt Ltd _c2019 |
||
| 270 |
_aB1/I-1 Mohan Cooperative Industrial Area, Mathura Road _bNew Delhi _e110044 |
||
| 300 |
_axiv, 179p. _c22cm (pbk) _bEpilogue, Bibliography, About the Author |
||
| 942 |
_2ddc _cEN _h381.142 _mTIT |
||